00299 a2200109 450000100060000008200150000610000150002124500830003626000320011930000150015150000230016690394 a303.69 RAF aRaffel Lee aI hate conflictbseven steps to resolving differences with anyone in your life aNew YorkbMcGraw Hillc2008 axiv, 290p. aGeneral Collection